Statistiken für Eulenarten erraten

Klicken Sie hier um das Quiz zu spielen!

Allgemein

  • Dieses Quiz wurde 45 mal gespielt
  • Das Durchschnittsergebnis liegt bei 5 aus 9

Antwortstatistiken

Antwort% Korrekt
Uhu
98%
Schleiereule
90%
Waldkauz
76%
Waldohreule
62%
Steinkauz
60%
Sumpfohreule
33%
Raufußkauz
29%
Sperlingskauz
29%
Zwergohreule
19%

Verteilung der Resultate

Perzentil nach korrekt beantworteten Fragen

Anzahl Personen mit jedem Resultat

Ihre Resultats-Entwicklung

Sie haben dieses Quiz noch nicht gespielt